[Event "Moscow Open 2007"]
[Site "Moscow"]
[Date "2007.01.30"]
[Round "4"]
[White "Arslanov, Shamil"]
[Black "Prokopchuk, Evgeny"]
[Result "0-1"]
[WhiteElo "2192"]
[BlackElo "2516"]
[PlyCount "76"]
[EventDate "2007.??.??"]

1. e4 d6 2. d4 Nf6 3. Nc3 e5 4. dxe5 dxe5 5. Qxd8+ Kxd8 6. Bg5 Be6 7. O-O-O+
Nbd7 8. f4 exf4 9. Nf3 Kc8 10. Bxf4 Nh5 11. Be3 Bc5 12. Bxc5 Nxc5 13. Ng5 Re8
14. Nxe6 fxe6 15. Bc4 Nd7 16. Rhf1 Nhf6 17. g4 Ne5 18. g5 Nfd7 19. Bb3 a6 20.
a4 Kd8 21. Ne2 Ke7 22. Nf4 Nc5 23. Bxe6 Nxe6 24. Nd5+ Kd6 25. Nb4+ Kc5 26. Rd5+
Kxb4 27. Rxe5 Kxa4 28. b3+ Kb4 29. Kb2 c5 30. Rf7 b6 31. h4 a5 32. h5 a4 33.
bxa4 Kxa4 34. h6 gxh6 35. gxh6 Nd4 36. Rxe8 Rxe8 37. c4 Rxe4 38. Kc3 Re3+ 0-1

[Event "Moscow Open 2007"]
[Site "Moscow"]
[Date "2007.01.30"]
[Round "4"]
[White "Mozharov, Mikhail"]
[Black "Shamugia, Shavleg"]
[Result "1-0"]
[WhiteElo "2425"]
[BlackElo "2277"]
[PlyCount "63"]
[EventDate "2007.??.??"]

1. e4 c6 2. d4 d5 3. Nd2 g6 4. Ngf3 Bg7 5. h3 Na6 6. c3 Nc7 7. Bd3 Nf6 8. e5
Nd7 9. h4 h6 10. Nf1 Nf8 11. h5 g5 12. Ne3 e6 13. Ng4 Nd7 14. Qe2 b6 15. b3 a5
16. Ba3 Nb5 17. Bb2 Ba6 18. O-O a4 19. c4 a3 20. Bc1 Nc7 21. Nd2 c5 22. cxd5
Bxd3 23. Qxd3 Nxd5 24. Ne4 Bf8 25. Bd2 cxd4 26. Rac1 Bc5 27. b4 Be7 28. Rc6 Rc8
29. Rxc8 Qxc8 30. Rc1 Qb8 31. Qb5 Nc3 32. Ngf6+ 1-0

[Event "Moscow Open 2007"]
[Site "Moscow"]
[Date "2007.01.30"]
[Round "4"]
[White "Fomin, Andrey"]
[Black "Krylov, Mikhail"]
[Result "0-1"]
[WhiteElo "2258"]
[BlackElo "2408"]
[PlyCount "74"]
[EventDate "2007.??.??"]

1. e4 g6 2. d4 Bg7 3. Nc3 d6 4. Be3 a6 5. a4 b6 6. Nf3 Bb7 7. Qd2 Nd7 8. Bc4 e6
9. Bg5 Ndf6 10. Qe2 h6 11. Bd2 Ne7 12. O-O-O O-O 13. Bb3 b5 14. e5 Nd7 15. Bf4
Bxf3 16. Qxf3 d5 17. g4 c5 18. Qe3 cxd4 19. Qxd4 Nc6 20. Qd2 Kh7 21. h4 Ndxe5
22. Qe2 Nc4 23. Bxc4 bxc4 24. Qf3 Qb6 25. h5 g5 26. Bd6 Ne5 27. Bxe5 Bxe5 28.
Rhe1 Bf4+ 29. Kb1 Rab8 30. b3 cxb3 31. Qd3+ Kg8 32. Ka1 Qc5 33. Kb2 bxc2+ 34.
Kxc2 Qxf2+ 35. Re2 Qg3 36. Qxg3 Bxg3 37. Kd3 Rfc8 0-1

[Event "Moscow Open 2007"]
[Site "Moscow"]
[Date "2007.01.30"]
[Round "4"]
[White "Kopylov, Alexander A"]
[Black "Ayupov, Damir"]
[Result "0-1"]
[WhiteElo "2237"]
[BlackElo "2403"]
[PlyCount "62"]
[EventDate "2007.??.??"]

1. Nf3 c5 2. c4 Nf6 3. Nc3 e6 4. d4 cxd4 5. Nxd4 a6 6. e4 d6 7. Bd3 g6 8. O-O
Bg7 9. Nb3 O-O 10. f4 Nbd7 11. Qf3 Qc7 12. g4 b6 13. g5 Nh5 14. Bd2 Bb7 15.
Rae1 f5 16. Qh3 Rae8 17. exf5 exf5 18. Nd5 Bxd5 19. cxd5 Nc5 20. Qf3 Bxb2 21.
Kg2 Nxd3 22. Qxd3 b5 23. Kf3 Qc4 24. Qxc4 bxc4 25. Rxe8 Rxe8 26. Rb1 c3 27. Be3
Re4 28. Nc1 Ra4 29. h3 Ra5 30. Ke2 Rxd5 31. Nd3 Ng3+ 0-1

[Event "Moscow Open 2007"]
[Site "Moscow"]
[Date "2007.01.30"]
[Round "4"]
[White "Bacherikov, Vitaly"]
[Black "Skurikhin, Dmitrij"]
[Result "1/2-1/2"]
[WhiteElo "2209"]
[BlackElo "2401"]
[PlyCount "76"]
[EventDate "2007.??.??"]

1. e4 e6 2. d4 d5 3. Nd2 dxe4 4. Nxe4 Nd7 5. Nf3 Ngf6 6. Nxf6+ Nxf6 7. Bd3 c5
8. dxc5 Bxc5 9. O-O h6 10. b3 O-O 11. Bb2 b6 12. Qe2 Bb7 13. Rad1 Qe7 14. Ne5
Rad8 15. c4 a5 16. h3 Ba8 17. Kh1 Qb7 18. f4 Rd6 19. Kh2 Rfd8 20. Nf3 Ne4 21.
Bc2 Rxd1 22. Rxd1 Rxd1 23. Qxd1 Be3 24. Bc1 Bxc1 25. Qxc1 Qd7 26. Qe3 Nc5 27.
a3 Qd6 28. Qd4 Qxd4 29. Nxd4 Kf8 30. Kg3 Ke7 31. Kf2 g5 32. Ne2 gxf4 33. Nxf4
e5 34. Ne2 f5 35. b4 axb4 36. axb4 Ne4+ 37. Bxe4 Bxe4 38. Nc3 Bc6 1/2-1/2

[Event "Moscow Open 2007"]
[Site "Moscow"]
[Date "2007.01.30"]
[Round "4"]
[White "Grabuzova, Tatiana"]
[Black "Aslanov, Sergei"]
[Result "1-0"]
[WhiteElo "2357"]
[BlackElo "2233"]
[PlyCount "59"]
[EventDate "2007.??.??"]

1. d4 d5 2. c4 c6 3. Nf3 Nf6 4. Nc3 e6 5. Bg5 dxc4 6. a4 Nbd7 7. e3 Qa5 8. Bxf6
Nxf6 9. Bxc4 Bb4 10. O-O O-O 11. Ne5 c5 12. Qb3 cxd4 13. exd4 Rd8 14. Rad1 Bd7
15. Bd3 Bd6 16. Qxb7 Rab8 17. Qf3 Rxb2 18. Nc4 Qb4 19. Nxb2 Qxb2 20. Rb1 Qd2
21. Rfd1 Qh6 22. h3 Nh5 23. Ne4 Be7 24. Nc5 Be8 25. Bb5 Bxb5 26. Rxb5 Nf4 27.
Rb7 Bf6 28. Rxa7 g5 29. Nd7 Bg7 30. Ra8 1-0

[Event "Moscow Open 2007"]
[Site "Moscow"]
[Date "2007.01.30"]
[Round "4"]
[White "Pluzhnik, Mikhail"]
[Black "Hambartsumian, Yuri"]
[Result "0-1"]
[WhiteElo "2198"]
[BlackElo "2354"]
[PlyCount "84"]
[EventDate "2007.??.??"]

1. e4 c5 2. Nf3 d6 3. d4 cxd4 4. Nxd4 Nf6 5. Nc3 a6 6. Be3 e6 7. f3 b5 8. g4 b4
9. Nce2 e5 10. Nf5 g6 11. Nfg3 h6 12. Qd2 Be6 13. g5 hxg5 14. Bxg5 Nbd7 15. h4
Be7 16. Bh3 Bxh3 17. Rxh3 a5 18. O-O-O Nc5 19. Kb1 Ne6 20. Be3 Nh5 21. Rdh1 Rc8
22. f4 Nxg3 23. Nxg3 exf4 24. Bxf4 Rxh4 25. Rxh4 Bxh4 26. Bxd6 Qg5 27. Qxg5
Bxg5 28. e5 Rc4 29. a3 Bh4 30. Ne2 Kd7 31. axb4 axb4 32. Nc1 f5 33. b3 Re4 34.
Nd3 g5 35. Nxb4 f4 36. Nd5 Kc6 37. c4 f3 38. Ne7+ Kb7 39. Nf5 f2 40. Bb4 Rg4
41. Rf1 Rg1 42. Ne3 g4 0-1

[Event "Moscow Open 2007"]
[Site "Moscow"]
[Date "2007.01.30"]
[Round "4"]
[White "Reutsky, Sergei"]
[Black "Ivakhinova, Inna"]
[Result "0-1"]
[WhiteElo "2353"]
[BlackElo "2216"]
[PlyCount "52"]
[EventDate "2007.??.??"]

1. e4 c5 2. Nf3 d6 3. d4 cxd4 4. Nxd4 Nf6 5. Nc3 a6 6. Bg5 e6 7. f4 Qc7 8. Qf3
b5 9. O-O-O b4 10. Nce2 Nbd7 11. Ng3 Bb7 12. Bd3 Be7 13. Nh5 O-O 14. Nxf6+ Nxf6
15. Rhe1 h6 16. Bh4 Nxe4 17. Bxe7 Nc5 18. Qg3 Qxe7 19. Nf5 Qf6 20. Nxd6 Bd5 21.
Ne4 Bxe4 22. Bxe4 Rad8 23. Qe3 Na4 24. Qb3 Qxf4+ 25. Kb1 Rxd1+ 26. Rxd1 Nc5 0-1

[Event "Moscow Open 2007"]
[Site "Moscow"]
[Date "2007.01.30"]
[Round "4"]
[White "Shkurikhin, Ilia"]
[Black "Cherenkov, Andrey"]
[Result "1-0"]
[WhiteElo "2350"]
[BlackElo "2206"]
[PlyCount "75"]
[EventDate "2007.??.??"]

1. d4 d5 2. c4 c6 3. Nf3 Nf6 4. Nc3 dxc4 5. e4 b5 6. e5 Nd5 7. a4 e6 8. axb5
Nxc3 9. bxc3 cxb5 10. Ng5 Bb7 11. Qh5 g6 12. Qg4 Be7 13. Be2 Nd7 14. Bf3 Bxf3
15. Qxf3 O-O 16. h4 a5 17. Qg3 Bxg5 18. Bxg5 f6 19. exf6 Nxf6 20. Qe5 Ra6 21.
Qxb5 Qa8 22. O-O Ne4 23. Bh6 Rf5 24. Qxc4 Rc6 25. Qb3 Nxc3 26. Rfe1 Rb5 27. Qa3
a4 28. Re3 Qc8 29. Rae1 Rb3 30. Qe7 Rb7 31. Qg5 a3 32. h5 Rb5 33. Qf6 Rc7 34.
Rxe6 Rb8 35. Re7 Rxe7 36. Rxe7 Rb1+ 37. Kh2 Qb8+ 38. f4 1-0

[Event "Moscow Open 2007"]
[Site "Moscow"]
[Date "2007.01.30"]
[Round "4"]
[White "Lelekova, Olga"]
[Black "Gunina, Valentina"]
[Result "1-0"]
[WhiteElo "2184"]
[BlackElo "2347"]
[PlyCount "113"]
[EventDate "2007.??.??"]

1. e4 c5 2. Nf3 d6 3. d4 cxd4 4. Nxd4 Nf6 5. Nc3 a6 6. Be3 e5 7. Nb3 Be6 8. Qd2
Be7 9. O-O-O O-O 10. f3 Nbd7 11. g4 a5 12. g5 Nh5 13. Kb1 a4 14. Nc1 Nb6 15.
Rg1 f6 16. g6 Rc8 17. Qf2 Nd7 18. Qh4 hxg6 19. Rxg6 Nf4 20. Bxf4 exf4 21. Bh3
f5 22. Rxg7+ Kxg7 23. Rg1+ Bg5 24. Rxg5+ Kf7 25. Qh6 Ke7 26. Bxf5 Nf6 27. Qh4
Bxf5 28. Rxf5 Kd7 29. N1e2 Nxe4 30. Qh7+ Qe7 31. Qxe7+ Kxe7 32. Nd5+ Kd7 33.
fxe4 Rxf5 34. exf5 f3 35. Ng3 Rh8 36. Nf1 Kc6 37. Nde3 Rg8 38. Kc1 d5 39. Ng3
Kd6 40. Kd2 Ke5 41. Kd3 a3 42. b3 b5 43. c3 Rc8 44. Nc2 Rh8 45. Nd4 Kf4 46. f6
Rxh2 47. f7 Rh8 48. Nh5+ Kg5 49. f8=Q Rxf8 50. Ne6+ Kxh5 51. Nxf8 Kg4 52. Ne6
Kg3 53. Ke3 b4 54. cxb4 f2 55. Ke2 d4 56. Kf1 d3 57. Nc5 1-0

[Event "Moscow Open 2007"]
[Site "Moscow"]
[Date "2007.01.30"]
[Round "4"]
[White "Isaev, Yuri"]
[Black "Pasalic, Kharun"]
[Result "1/2-1/2"]
[WhiteElo "2343"]
[BlackElo "2197"]
[PlyCount "64"]
[EventDate "2007.??.??"]

1. e4 c5 2. Nc3 Nc6 3. f4 g6 4. Nf3 Bg7 5. Bc4 d6 6. O-O e6 7. f5 Ne5 8. fxe6
fxe6 9. Bb3 Bd7 10. d3 Qe7 11. Bg5 Nf6 12. Nxe5 dxe5 13. Qf3 O-O 14. Qh3 Qd6
15. g4 b5 16. Rad1 Rf7 17. Rd2 Raf8 18. Rdf2 c4 19. dxc4 bxc4 20. Rd1 Qb4 21.
a3 Qa5 22. Ba2 Qb6 23. Qe3 Qxb2 24. Bxf6 Bxf6 25. Rdf1 Bd8 26. Rxf7 Rxf7 27.
Qd2 Bb6+ 28. Kg2 Rxf1 29. Kxf1 Bd4 30. Qg5 Qxc3 31. Qd8+ Kg7 32. Qe7+ Kh6
1/2-1/2

[Event "Moscow Open 2007"]
[Site "Moscow"]
[Date "2007.01.30"]
[Round "4"]
[White "Ambartsumova, Karina"]
[Black "Demianjuk, Alexander"]
[Result "1/2-1/2"]
[WhiteElo "2179"]
[BlackElo "2342"]
[PlyCount "40"]
[EventDate "2007.??.??"]

1. e4 c5 2. Nf3 d6 3. c3 Nf6 4. Be2 g6 5. O-O Bg7 6. Bb5+ Bd7 7. Bxd7+ Nbxd7 8.
Re1 O-O 9. d4 Rc8 10. e5 dxe5 11. dxe5 Ng4 12. e6 fxe6 13. Ng5 Nxf2 14. Qe2 Ne5
15. Nxe6 Qd5 16. Nxf8 Nh3+ 17. Kh1 Nd3 18. Rf1 Rxf8 19. Rxf8+ Bxf8 20. Be3 Bh6
1/2-1/2

[Event "Moscow Open 2007"]
[Site "Moscow"]
[Date "2007.01.30"]
[Round "4"]
[White "Kadimova, Ilaha"]
[Black "Kineva, Ekaterina"]
[Result "1-0"]
[WhiteElo "2333"]
[BlackElo "2190"]
[PlyCount "86"]
[EventDate "2007.??.??"]

1. d4 Nf6 2. c4 g6 3. Nc3 Bg7 4. e4 O-O 5. Nf3 d6 6. Be2 e5 7. Be3 Nbd7 8. O-O
exd4 9. Nxd4 Nc5 10. f3 c6 11. Qd2 Re8 12. Rfd1 Qe7 13. b4 Ncd7 14. Rac1 Ne5
15. h3 a5 16. bxa5 Ned7 17. Nb3 Nh5 18. Bg5 f6 19. Bh4 g5 20. Bf2 Ne5 21. Na4
Nf4 22. Bg3 Nxe2+ 23. Qxe2 f5 24. Nb6 f4 25. Bf2 Rb8 26. Nxc8 Rbxc8 27. c5 d5
28. exd5 cxd5 29. Rxd5 Qf7 30. Qd1 h5 31. Rd6 Bf8 32. Rd4 Bg7 33. Re4 g4 34.
hxg4 hxg4 35. fxg4 Rcd8 36. Nd4 Qg6 37. Qb3+ Kh8 38. Qh3+ Kg8 39. Rce1 Rd5 40.
Qb3 Qf7 41. Nf5 Bf8 42. Nd6 Bxd6 43. cxd6 Rd2 1-0

[Event "Moscow Open 2007"]
[Site "Moscow"]
[Date "2007.01.30"]
[Round "4"]
[White "Romashko, Andrei"]
[Black "Kruchev, Boris"]
[Result "1/2-1/2"]
[WhiteElo "2177"]
[BlackElo "2328"]
[PlyCount "89"]
[EventDate "2007.??.??"]

1. e4 e5 2. Nf3 Nc6 3. Bb5 a6 4. Ba4 Nf6 5. O-O Be7 6. Re1 b5 7. Bb3 d6 8. c3
O-O 9. h3 Bb7 10. d4 Re8 11. Nbd2 Bf8 12. d5 Nb8 13. Nf1 c6 14. Bg5 Nbd7 15.
Ne3 c5 16. Ng4 h6 17. Bxf6 Nxf6 18. Nxf6+ Qxf6 19. a4 g6 20. Qe2 c4 21. Bc2 Qe7
22. Qe3 Bg7 23. Ra2 Rac8 24. axb5 axb5 25. Qb6 Qd7 26. Ra5 Rc5 27. Ra7 Rb8 28.
Rea1 Bf8 29. R1a6 Qc8 30. Ra1 Bxd5 31. Qa6 Bb7 32. Qa2 Qe6 33. Re1 Bg7 34. Qa3
Rcc8 35. Rd1 Bf8 36. Qa5 f5 37. exf5 gxf5 38. Nh4 Be4 39. Bxe4 fxe4 40. Re1 Qd5
41. Re3 Rb7 42. Rg3+ Kf7 43. Nf5 Rcb8 44. Qb6 Kf6 45. Nh4 1/2-1/2

[Event "Moscow Open 2007"]
[Site "Moscow"]
[Date "2007.01.30"]
[Round "4"]
[White "Davydenko, Andrey"]
[Black "Kislov, Oleg"]
[Result "1/2-1/2"]
[WhiteElo "2167"]
[BlackElo "2324"]
[PlyCount "74"]
[EventDate "2007.??.??"]

1. e4 e6 2. d4 d5 3. e5 c5 4. c3 Qb6 5. Nf3 Bd7 6. a3 Bb5 7. b4 cxd4 8. Bxb5+
Qxb5 9. cxd4 Ne7 10. Nc3 Qd7 11. O-O Nbc6 12. Bb2 Nf5 13. Rc1 Be7 14. Na4 b6
15. Qc2 Nd8 16. Qb3 O-O 17. b5 Nb7 18. Bc3 Rfc8 19. Rc2 Rc7 20. Rfc1 Rac8 21.
Nb2 h6 22. Nd1 Bg5 23. Nxg5 hxg5 24. Ne3 Nxe3 25. fxe3 f5 26. Bb4 Kf7 27. Rxc7
Rxc7 28. Rxc7 Qxc7 29. Qc3 Qxc3 30. Bxc3 Kg6 31. Kf2 Kh5 32. Bb4 Kg4 33. h3+
Kh4 34. Kf3 g6 35. Be1+ Kh5 36. Bb4 Kh4 37. Be1+ Kh5 1/2-1/2

[Event "Moscow Open 2007"]
[Site "Moscow"]
[Date "2007.01.30"]
[Round "4"]
[White "Konenkin, Dmitry"]
[Black "Venevtsev, Andrey"]
[Result "0-1"]
[WhiteElo "2319"]
[BlackElo "2181"]
[PlyCount "132"]
[EventDate "2007.??.??"]

1. f4 e6 2. Nf3 d5 3. b3 Be7 4. Bb2 Nf6 5. e3 O-O 6. Bd3 c5 7. O-O Nc6 8. Ne5
Nb4 9. Be2 Nd7 10. a3 Nc6 11. c4 Ndxe5 12. fxe5 d4 13. exd4 cxd4 14. Bd3 Nxe5
15. Bxh7+ Kxh7 16. Qh5+ Kg8 17. Qxe5 Bf6 18. Qg3 e5 19. d3 Bd7 20. Nd2 Bg5 21.
Ne4 Be3+ 22. Kh1 f5 23. Nc5 f4 24. Qf3 Bc6 25. Qh5 Rf6 26. Qxe5 Rg6 27. Ne4 Qh4
28. Qf5 Rh6 29. h3 Rf8 30. Qg5 Bxe4 31. Qxh4 Bxg2+ 32. Kxg2 Rxh4 33. Rf3 Rf6
34. Rh1 Rg6+ 35. Kf1 Kf7 36. a4 Rb6 37. Ke2 Rxb3 38. Ba1 Ra3 39. Rff1 Rh6 40.
Rb1 b6 41. Rb5 Rg6 42. Rd5 Rg3 43. Bxd4 Ra2+ 44. Kf1 Rf3+ 45. Ke1 Bxd4 46. Rxd4
Re3+ 47. Kf1 Rf3+ 48. Ke1 g5 49. Rg1 Rxh3 50. Kf1 Rhh2 51. Re4 Rhf2+ 52. Ke1
Rfb2 53. Kf1 Rb1+ 54. Re1 Rxe1+ 55. Kxe1 Ra1+ 56. Kf2 Rxg1 57. Kxg1 Ke6 58. d4
Kf5 59. Kf2 Ke4 60. d5 Ke5 61. Ke2 g4 62. Kd3 g3 63. Ke2 a6 64. Kf3 b5 65. cxb5
axb5 66. a5 Kxd5 0-1

[Event "Moscow Open 2007"]
[Site "Moscow"]
[Date "2007.01.30"]
[Round "4"]
[White "Stukopin, Andrey"]
[Black "Khropova, Larisa"]
[Result "1-0"]
[WhiteElo "2307"]
[BlackElo "2163"]
[PlyCount "103"]
[EventDate "2007.??.??"]

1. e4 e5 2. Nc3 c6 3. d4 d6 4. Nge2 Be7 5. g3 Nf6 6. Bg2 O-O 7. a4 a5 8. O-O
Nbd7 9. b3 Re8 10. h3 h6 11. Kh2 Qc7 12. f4 Nh7 13. Ba3 Bf8 14. Qd2 Rb8 15.
Rad1 Ra8 16. Ng1 Qb8 17. Nf3 Nhf6 18. Nh4 b5 19. fxe5 dxe5 20. Bxf8 Kxf8 21.
axb5 cxb5 22. Nf5 Ba6 23. Nd5 b4 24. Rf2 Bb7 25. Nxf6 Nxf6 26. d5 Ng8 27. Qe3
Qa7 28. Nd6 Re7 29. Qf3 f6 30. h4 Bc8 31. Nc4 Bd7 32. d6 Ree8 33. Rd5 Bg4 34.
Qxg4 Qxf2 35. d7 Red8 36. Nd6 Ra7 37. Ne8 Rxe8 38. dxe8=Q+ Kxe8 39. Qc8+ Kf7
40. Rd8 Re7 41. Rxg8 Qa7 42. Qc4+ Kg6 43. Rd8 Qb6 44. Rf8 Rc7 45. Qf1 Kh7 46.
h5 Qe6 47. Bh3 Rxc2+ 48. Kh1 Rc1 49. Bxe6 Rxf1+ 50. Kg2 Rb1 51. Bg8+ Kh8 52.
Bf7+ 1-0

[Event "Moscow Open 2007"]
[Site "Moscow"]
[Date "2007.01.30"]
[Round "4"]
[White "Kedrov, Valery V"]
[Black "Idrisova, Roza"]
[Result "1/2-1/2"]
[WhiteElo "2300"]
[BlackElo "2109"]
[PlyCount "105"]
[EventDate "2007.??.??"]

1. e4 c6 2. d4 d5 3. Nd2 g6 4. Ngf3 Bg7 5. c3 Nh6 6. Bd3 O-O 7. O-O Qc7 8. Re1
f6 9. exd5 cxd5 10. Qb3 Rd8 11. Ne4 Nf7 12. Ng3 Nc6 13. h3 e5 14. dxe5 fxe5 15.
Ng5 e4 16. Nxf7 Qxf7 17. Bf1 Be6 18. Qb5 a6 19. Qb6 Rf8 20. Be3 Rac8 21. Rad1
Ne5 22. Rd2 Rc6 23. Qb4 Bxh3 24. Red1 Be6 25. Be2 b5 26. Qa5 h5 27. a4 h4 28.
axb5 axb5 29. Nf1 Nc4 30. Bxc4 bxc4 31. Qa7 Rc7 32. Qb6 Rb7 33. Qd6 h3 34. gxh3
Bxh3 35. Qxd5 Qxd5 36. Rxd5 Rxb2 37. Nd2 Bxc3 38. Nxc4 Ra2 39. Nd6 Ra4 40. Bd4
Bxd4 41. R5xd4 Rxd4 42. Rxd4 Rd8 43. Kh2 Bf1 44. Kg3 Kf8 45. Kf4 Ke7 46. Ke5
Bg2 47. Nxe4 Rxd4 48. Kxd4 Bxe4 49. Kxe4 Kf6 50. Kf4 g5+ 51. Kg4 Kg6 52. f4
gxf4 53. Kxf4 1/2-1/2

[Event "Moscow Open 2007"]
[Site "Moscow"]
[Date "2007.01.30"]
[Round "4"]
[White "Rogovsky, Alexander"]
[Black "Koshevoy, Sergey"]
[Result "0-1"]
[WhiteElo "2117"]
[BlackElo "2294"]
[PlyCount "97"]
[EventDate "2007.??.??"]

1. d4 Nf6 2. c4 e6 3. Nc3 Bb4 4. Qc2 c5 5. a3 Bxc3+ 6. bxc3 Nc6 7. e3 Qa5 8.
Bd2 e5 9. f3 Qc7 10. d5 Na5 11. Bd3 b6 12. e4 Ba6 13. Qa4 h6 14. Ne2 O-O-O 15.
Ng3 Ne8 16. Nf5 Nd6 17. Ne3 Rde8 18. O-O g5 19. Rfb1 h5 20. Qd1 f6 21. Qe2 Reg8
22. Kh1 Kb8 23. g3 Nf7 24. h4 d6 25. Rg1 Bc8 26. Raf1 Qe7 27. Rf2 Nh6 28. Rh2
g4 29. Nf5 Nxf5 30. exf5 Qh7 31. fxg4 Rxg4 32. Rf2 Rhg8 33. Qe3 Qg7 34. Be2
Rxh4+ 35. Rh2 Rxh2+ 36. Kxh2 Bxf5 37. Qh6 Bg4 38. Bd3 Qxh6 39. Bxh6 f5 40. Rd1
Kc7 41. Bd2 Kd7 42. Bf1 Ke7 43. Bd3 Kf6 44. Rf1 Rh8 45. Be1 Kg6 46. Rg1 Bd1 47.
Kg2 Bb3 48. g4 hxg4 49. Kf1 0-1

[Event "Moscow Open 2007"]
[Site "Moscow"]
[Date "2007.01.30"]
[Round "4"]
[White "Kreines, Mikhail"]
[Black "Shumilina, Alexandra"]
[Result "0-1"]
[WhiteElo "2088"]
[BlackElo "2277"]
[PlyCount "64"]
[EventDate "2007.??.??"]

1. d4 d5 2. c4 c6 3. Nf3 Nf6 4. e3 a6 5. Qc2 g6 6. Nc3 Bg7 7. b3 Bf5 8. Bd3
Bxd3 9. Qxd3 O-O 10. O-O Nbd7 11. e4 dxe4 12. Nxe4 c5 13. Bb2 cxd4 14. Nxf6+
Bxf6 15. Bxd4 e5 16. Bb2 e4 17. Bxf6 Nxf6 18. Qxd8 Raxd8 19. Ng5 h6 20. Nh3 g5
21. Rad1 Nh5 22. Kh1 f5 23. Rfe1 g4 24. Ng1 Nf4 25. Rxd8 Rxd8 26. g3 Nd3 27.
Re2 Kf7 28. Kg2 Kf6 29. Kf1 Nc1 30. Rc2 Rd1+ 31. Kg2 Nd3 32. Ne2 Ne1+ 0-1

[Event "Moscow Open 2007"]
[Site "Moscow"]
[Date "2007.01.30"]
[Round "4"]
[White "Prudnikova, Ekaterina"]
[Black "Tjurin, Alexander P"]
[Result "0-1"]
[WhiteElo "2169"]
[BlackElo "2344"]
[PlyCount "116"]
[EventDate "2007.??.??"]

1. d4 Nf6 2. Nf3 g6 3. Bg5 Bg7 4. Nbd2 d5 5. e3 b6 6. Bd3 Bb7 7. O-O O-O 8. c4
c6 9. Rc1 Ne8 10. Qe2 Nc7 11. Rfd1 Ne6 12. Bh4 a6 13. Nb3 Nd7 14. Bg3 f5 15.
Be5 Bh6 16. Ne1 Nxe5 17. dxe5 f4 18. cxd5 cxd5 19. Nf3 fxe3 20. fxe3 Qd7 21.
Rc2 Rfc8 22. Nbd4 Nc5 23. Nh4 Nxd3 24. Rxc8+ Rxc8 25. Qxd3 Qg4 26. Nhf3 Qe4 27.
Kf2 e6 28. h3 b5 29. Rd2 Qxd3 30. Rxd3 Kf7 31. b4 Ke7 32. Nb3 Rc2+ 33. Rd2 Rc3
34. Re2 d4 35. Nfxd4 Bd5 36. Nc5 Bc4 37. Re1 Ra3 38. Nc6+ Ke8 39. Na5 Rxa2+ 40.
Kf3 Bg7 41. Nxc4 bxc4 42. Rc1 Bxe5 43. Rxc4 Ke7 44. Rh4 h5 45. Re4 Kd6 46. Nd3
Bf6 47. Nf4 e5 48. Ne2 Rc2 49. g4 Kd5 50. b5 axb5 51. Rb4 Kc5 52. Rb1 e4+ 53.
Kf2 h4 54. Ke1 b4 55. Kd1 Ra2 56. Nc1 Rh2 57. Nb3+ Kd5 58. Nd2 Bc3 0-1

[Event "Moscow Open 2007"]
[Site "Moscow"]
[Date "2007.01.30"]
[Round "4"]
[White "Novikov, Valeri"]
[Black "Kassimski, Kiril"]
[Result "1/2-1/2"]
[WhiteElo "2212"]
[BlackElo "2088"]
[PlyCount "117"]
[EventDate "2007.??.??"]

1. e4 c5 2. Nc3 Nc6 3. g3 g6 4. Bg2 Bg7 5. d3 e5 6. Nd5 f5 7. exf5 gxf5 8. Qh5+
Kf8 9. Qxf5+ Nf6 10. Bg5 d6 11. Bxf6 Bxf5 12. Bxd8 Rxd8 13. Ne2 Ke8 14. Be4
Bxe4 15. dxe4 Kd7 16. c3 Rhf8 17. Rf1 Rde8 18. f3 Rf7 19. Rd1 Bh6 20. Ng1 Nd8
21. Ke2 Ne6 22. b3 Kc6 23. a4 Nc7 24. Nh3 Ne6 25. Nf2 Ref8 26. Ng4 Bg5 27. h4
h5 28. Nge3 Bxe3 29. Nxe3 Ng7 30. g4 Rf4 31. Nd5 R4f7 32. g5 Ne6 33. f4 Nxf4+
34. Nxf4 exf4 35. Kf3 Rg8 36. Rd5 Rg6 37. Rf5 Re7 38. Kxf4 Rge6 39. Re1 Kd7 40.
c4 Ke8 41. e5 Rd7 42. g6 Rg7 43. Rg1 Kd7 44. Rf7+ Rxf7+ 45. gxf7 Ke7 46. Kf5
Kxf7 47. Rg7+ Kxg7 48. Kxe6 dxe5 49. Kxe5 Kg6 50. Ke6 b6 51. Ke5 Kg7 52. Kf5
Kf7 53. Kg5 Ke6 54. Kxh5 Kf5 55. Kh6 Kf6 56. Kh5 Kf5 57. Kh6 Kf6 58. Kh7 Kf7
59. h5 1/2-1/2

[Event "Moscow Open 2007"]
[Site "Moscow"]
[Date "2007.01.30"]
[Round "4"]
[White "Kurukin, Dmitry"]
[Black "Vladimirov, Ivan"]
[Result "0-1"]
[WhiteElo "2164"]
[BlackElo "2191"]
[PlyCount "52"]
[EventDate "2007.??.??"]

1. d4 Nf6 2. c4 e6 3. Nc3 Bb4 4. Qc2 c5 5. dxc5 Bxc5 6. Nf3 Nc6 7. Bg5 Be7 8.
a3 b6 9. e4 Bb7 10. O-O-O O-O 11. e5 Ng4 12. Bf4 f6 13. exf6 Bxf6 14. Bd6 Bxc3
15. bxc3 Na5 16. Rd4 Bxf3 17. gxf3 Qg5+ 18. f4 Qh6 19. Rg1 e5 20. Rxg4 exd4 21.
Be5 Rf7 22. Bg2 Re8 23. Bxd4 Re1+ 24. Kd2 Qe6 25. Bf3 Nxc4+ 26. Kd3 Qf5+ 0-1

[Event "Moscow Open 2007"]
[Site "Moscow"]
[Date "2007.01.30"]
[Round "4"]
[White "Ovsiannikov, Maxim"]
[Black "Bogumil, Tatiana"]
[Result "1-0"]
[WhiteElo "2058"]
[BlackElo "2188"]
[PlyCount "49"]
[EventDate "2007.??.??"]

1. d4 Nf6 2. c4 c5 3. Nf3 g6 4. Nc3 Bg7 5. dxc5 Qa5 6. Bd2 Qxc5 7. e4 Ng4 8.
Qe2 d6 9. h3 Ne5 10. Nd5 Nxf3+ 11. Qxf3 Bxb2 12. Rb1 Bg7 13. Bb4 Qc6 14. c5 Na6
15. cxd6 exd6 16. a4 Nc7 17. Bb5 Nxb5 18. axb5 Qc2 19. O-O O-O 20. Rfc1 Qd2 21.
Bxd6 Rd8 22. Be7 Re8 23. Bf6 Bh6 24. Rd1 Qa2 25. Bc3 1-0

[Event "Moscow Open 2007"]
[Site "Moscow"]
[Date "2007.01.30"]
[Round "4"]
[White "Nebolsina, Vera"]
[Black "Medvedev, Nikolai"]
[Result "1-0"]
[WhiteElo "2324"]
[BlackElo "2012"]
[PlyCount "49"]
[EventDate "2007.??.??"]

1. d4 d5 2. c4 c6 3. Nc3 Bf5 4. cxd5 cxd5 5. Qb3 Bd7 6. Nxd5 Bc6 7. e4 e6 8.
Nc3 Qxd4 9. Nf3 Qb4 10. Qc2 Nf6 11. Bd3 Bc5 12. O-O a5 13. Bd2 Qb6 14. Ne5 Nbd7
15. Na4 Bxa4 16. Qxa4 Ke7 17. Nc4 Qd8 18. Rad1 Nb6 19. Qb5 Nbd7 20. Bxa5 b6 21.
Bc3 Rxa2 22. Bb1 Ra8 23. b4 Rc8 24. bxc5 Rxc5 25. Bb4 1-0

[Event "Moscow Open 2007"]
[Site "Moscow"]
[Date "2007.01.30"]
[Round "4"]
[White "Rasstriguine, Andrei"]
[Black "Lyubokhiner, Leonid M"]
[Result "1-0"]
[WhiteElo "2161"]
[BlackElo "1805"]
[PlyCount "61"]
[EventDate "2007.??.??"]

1. d4 Nf6 2. c4 g6 3. Nc3 Bg7 4. e4 d6 5. Bg5 c5 6. d5 h6 7. Bd2 O-O 8. Bd3
Nbd7 9. f4 Ne8 10. Nf3 e6 11. O-O exd5 12. cxd5 Nb6 13. h3 f5 14. e5 dxe5 15.
Nxe5 Rf6 16. Be3 c4 17. Be2 Rd6 18. Bc5 Bxe5 19. fxe5 Rxd5 20. Nxd5 Nxd5 21.
Bxc4 Be6 22. Bxd5 Bxd5 23. Qd2 Kh7 24. Rfd1 Nc7 25. Rac1 Qd7 26. Be3 Rd8 27.
Bxh6 Qf7 28. Bg5 Rd7 29. Rxc7 Rxc7 30. Qxd5 Qxd5 31. Rxd5 1-0

[Event "Moscow Open 2007"]
[Site "Moscow"]
[Date "2007.01.30"]
[Round "4"]
[White "Losev, Sergey"]
[Black "Ludanov, Nikolay"]
[Result "0-1"]
[WhiteElo "2080"]
[BlackElo "2147"]
[PlyCount "92"]
[EventDate "2007.??.??"]

1. d4 Nf6 2. c4 c5 3. d5 e6 4. Nc3 exd5 5. cxd5 d6 6. e4 g6 7. Bd3 Bg7 8. f4
O-O 9. Nf3 a6 10. a4 Bg4 11. O-O Nbd7 12. h3 Bxf3 13. Qxf3 Qc7 14. Bd2 c4 15.
Be2 b5 16. a5 Nc5 17. Be3 Nfd7 18. Rad1 Qxa5 19. Bd4 Bxd4+ 20. Rxd4 Qb6 21. Kh1
Nd3 22. Qe3 Nxb2 23. Rb1 Nd3 24. Bxd3 cxd3 25. Qxd3 Rac8 26. Rdb4 Qf2 27. Ne2
Rfe8 28. R1b2 Qe1+ 29. Kh2 Nc5 30. Qf3 Qd1 31. Rd4 Qa1 32. Rbd2 Nd7 33. Rd1 Qb2
34. R4d3 Rc4 35. Nd4 Nc5 36. R1d2 Qb1 37. Rd1 Rc1 38. Rxc1 Qxc1 39. Rc3 Qd2 40.
Rxc5 dxc5 41. Nc6 c4 42. e5 Qd3 43. d6 Qxf3 44. gxf3 c3 45. d7 Rf8 46. Ne7+ Kg7
0-1

[Event "Moscow Open 2007"]
[Site "Moscow"]
[Date "2007.01.30"]
[Round "4"]
[White "Pankov, Gennady"]
[Black "Popelyshev, Igor V"]
[Result "0-1"]
[WhiteElo "2014"]
[BlackElo "2106"]
[PlyCount "96"]
[EventDate "2007.??.??"]

1. e4 c5 2. Nf3 Nc6 3. d4 cxd4 4. Nxd4 g6 5. Nb3 Bg7 6. c3 Nf6 7. Bd3 d5 8.
exd5 Qxd5 9. O-O O-O 10. h3 Rd8 11. Bc2 Qxd1 12. Bxd1 Bf5 13. Be3 Nd5 14. Bg5
h6 15. Bd2 Nb6 16. Na3 Na4 17. Bc2 Bxc2 18. Nxc2 Nxb2 19. Na3 Na5 20. Nd4 Nac4
21. Nxc4 Nxc4 22. Be3 e5 23. Ne2 Nxe3 24. fxe3 Rd2 25. Ng3 f5 26. e4 f4 27. Nh1
Bf8 28. Rfd1 Bc5+ 29. Kf1 Rad8 30. Rxd2 Rxd2 31. a4 g5 32. a5 h5 33. Re1 g4 34.
hxg4 hxg4 35. Re2 Rd1+ 36. Re1 Rxe1+ 37. Kxe1 Kf7 38. Nf2 Bxf2+ 39. Kxf2 Ke6
40. Ke2 Kd6 41. Kd3 Kc5 42. Kd2 Kc4 43. Kc2 f3 44. gxf3 g3 45. f4 exf4 46. e5
Kd5 47. c4+ Kxe5 48. c5 g2 0-1